Изменение проводимости, тангенса угла диэлектрических потерь и спектров поглощения монокристаллов фторидов щелочноземельных металлов под действием различных видов облучения; Первое совещание по радиационной физике твердого тела

Dades bibliogràfiques
Parent link:Первое совещание по радиационной физике твердого тела.— 1965.— С. 34-35
Autor principal: Завадовская Е. К.
Altres autors: Чернышев В. А., Лисицына Л. А.
Idioma:rus
Publicat: 1965
Matèries:
Format: MixedMaterials Capítol de llibre
KOHA link:https://koha.lib.tpu.ru/cgi-bin/koha/opac-detail.pl?biblionumber=590991

MARC

LEADER 00000naa0a2200000 4500
001 590991
005 20250702144118.0
035 |a (RuTPU)RU\TPU\tpu\767 
035 |a TPU00000767 
090 |a 590991 
100 |a 20011210d1965 k||y0rusy50 ca 
101 0 |a rus 
102 |a RU 
200 1 |a Изменение проводимости, тангенса угла диэлектрических потерь и спектров поглощения монокристаллов фторидов щелочноземельных металлов под действием различных видов облучения  |f Е. К. Завадовская, В. А. Чернышев, Л. А. Лисицына 
463 1 |t Первое совещание по радиационной физике твердого тела  |o  Тезисы докладов  |v С. 34-35  |d 1965 
610 1 |a физика 
610 1 |a труды учёных ТПУ 
700 1 |a Завадовская  |b Е. К. 
701 1 |a Чернышев  |b В. А. 
701 1 |a Лисицына  |b Л. А. 
801 0 |a RU  |b 63413507  |c 20011210  |g PSBO 
801 2 |a RU  |b 63413507  |c 20050623  |g PSBO 
850 |a 63413507 
942 |c BK